000
00286nam a22001337a 4500
008
170821b xxu||||| |||| 00| 0 eng d
020
_a
1397819348000003
041
_a
eng
080
_a
51
100
_a
37
101
_a
MAT
245
_a
BRIDGE TO ALGEBRA
_c
BRI
942
_2
udc
_c
BK
999
_c
24161
_d
24161